Online
Catalog

La era de la información : (Record no. 1756)

MARC details
000 -CABECERA
campo de control de longitud fija 00864cam a2200241 a 4500
001 - NÚMERO DE CONTROL
campo de control 000001880
005 - FECHA Y HORA DE LA ÚLTIMA TRANSACCIÓN
campo de control 20241009100000.0
008 - DATOS DE LONGITUD FIJA--INFORMACIÓN GENERAL
campo de control de longitud fija 880607s1989 nyu b 001 0 eng
020 ## - NÚMERO INTERNACIONAL ESTÁNDAR DEL LIBRO
Número Internacional Estándar del Libro 0582285224
040 ## - FUENTE DE LA CATALOGACIÓN
Centro catalogador/agencia de origen DO-SdBNP
Lengua de catalogación spa
Centro/agencia transcriptor BNPHU
082 ## - NÚMERO DE LA CLASIFICACIÓN DECIMAL DEWEY
Número de clasificación 004
Número de documento/Ítem D622e
100 1# - ENTRADA PRINCIPAL--NOMBRE DE PERSONA
Nombre de persona Dizard, Wilson P.
9 (RLIN) 6143
240 14 - TÍTULO UNIFORME
Título uniforme The coming information age.
Lenguaje de la obra Español
245 13 - MENCIÓN DE TÍTULO
Título La era de la información :
Resto del título un panorama general de su tecnología , economíay política /
Mención de responsabilidad, etc. Wilson P. Dizard ; traducción, Manuel Ortiz Staines.
260 ## - PUBLICACIÓN, DISTRIBUCIÓN, ETC.
Lugar de publicación, distribución, etc. México :
Nombre del editor, distribuidor, etc. Publigrafics,
Fecha de publicación, distribución, etc. 1989.
300 ## - DESCRIPCIÓN FÍSICA
Extensión xiv, 215 p. ;
Dimensiones 22 cm.
534 ## - NOTA SOBRE LA VERSIÓN ORIGINAL
Frase introductoria Título original:
Mención de título del original The coming information age
504 ## - NOTA DE BIBLIOGRAFÍA, ETC.
Nota de bibliografía, etc. Incluye referencias bibliográficas.
590 ## - NOTA LOCAL (RLIN)
Nota local Inventariado,2018/DG
650 #4 - PUNTO DE ACCESO ADICIONAL DE MATERIA--TÉRMINO DE MATERIA
Término de materia o nombre geográfico como elemento de entrada Informática
9 (RLIN) 5660
650 #0 - PUNTO DE ACCESO ADICIONAL DE MATERIA--TÉRMINO DE MATERIA
Término de materia o nombre geográfico como elemento de entrada Comunicación
9 (RLIN) 378
700 1# - PUNTO DE ACCESO ADICIONAL--NOMBRE DE PERSONA
Nombre de persona Ortiz Staines, Manuel,
Término indicativo de función/relación tr.
9 (RLIN) 6144
Holdings
Estado de retiro Estado de pérdida Restricciones de uso No para préstamo Localización permanente Ubicación/localización actual Ubicación en estantería Fecha de adquisición Número de inventario Total de préstamos Signatura topográfica completa Código de barras Fecha visto por última vez Precio válido a partir de Tipo de ítem Koha
      Excluido de préstamo General General Depósito 03.09.2009 LF1   004 D622e 1880-10 25.06.2020 25.06.2020 No se presta

Powered by Koha